000 00624pam a2200229 i 4500
001 1291437
005 20180810051502.0
008 761104s1978 nyua b 001 0 eng
010 _a 76054304
020 _a0023622202
040 _aDLC
_cDLC
_dDLC
041 _aeng
060 _aWS290 K28h
080 _a618.9212
082 0 0 _a618.9212
100 _a7
101 _aKAR
245 0 0 _aHeart disease in infancy and childhood /
_c[edited by] John D. Keith, Richard D. Rowe, Peter Vlad.
504 _aIncludes bibliographies and index.
906 _a7
_bcbc
_corignew
_d1
_eocip
_f19
_gy-gencatlg
942 _2ddc
_cBK
999 _c46996
_d46996